Historiarvm: liber secvndvs in vsvm tironvm cvravit

Guardado en:
Detalles Bibliográficos
Autor principal: Tito Livio (Autor)
Formato: Libro
Lenguaje:latín
Publicado: Turín Avgvstae Tavrinorvm 1882
Edición:4a. ed
Materias:
Etiquetas: Agregar Etiqueta
Sin Etiquetas, Sea el primero en etiquetar este registro!

MARC

LEADER 00000nam a2200000 a 4500
001 UCZ5604
003 CL-VaPUC
008 951124e18820000IT |||||||||||||||||lat|d
082 0 4 |a 937  |b TIT  |2 21 
100 0 |a Tito Livio  |e author  |9 349717 
245 1 0 |a Historiarvm: liber secvndvs in vsvm tironvm cvravit 
250 |a 4a. ed 
300 |a 88 p 
942 |c BK 
945 |d 19951124 00:00:00  |a cmena 
260 |a Turín  |b Avgvstae Tavrinorvm  |c 1882 
650 0 |a Historia  |9 255047 
650 0 |a Historia antigua  |9 267521 
651 0 |a Roma   |9 255106 
651 0 |a Grecia  |9 265314 
583 |a last modification  |c 19951124 00:00:00  |k Rodrigo Vera 
999 |c 241895  |d 241893 
952 |0 0  |1 0  |4 0  |6 937_000000000000000_TIT_1882  |7 0  |8 P  |9 254536  |a BIBEDU  |b BIBEDU  |c BIBEDU_PB  |d 2019-11-19  |i 1579010  |o 937 TIT 1882  |p 1579010  |r 2024-01-25  |w 2019-11-19  |y BK  |k FIL